000 00852nam a22002897a 4500
001 7019
003 FISKH
005 20250617153611.0
008 250617b cb ||||| |||| 00| 0 eng d
020 _a9780439678995
040 _aFISKH
_beng
_cFISKH
_dFISKH
050 _aSB347 .B47
082 _a635.62
100 _aBerger, Melvin
245 _aPumpkins /
_cBy Melvin and Gilda Berger
250 _aFirst Scholastic printing , September 2004
260 _aNew York :
_bScholastic ,
_c2004.
300 _a12 pages :
_bcolor illustrations ;
_c18x21 cm .
505 _aD
520 _aFall is pumpkin time! Read and discover all about pumpkins.
521 8 _a160
_bLexile estimate
521 8 _aD
_bRaz-PLus
650 _aAutumn
_vNon-fiction
650 _aHalloween
_vNon-fiction
942 _2ddc
_cBK
_n0
999 _c7019
_d7019